| 000 | 00567nam a2200205Ia 4500 | ||
|---|---|---|---|
| 003 | BUBTL | ||
| 008 | 151213s9999 xx 000 0 und d | ||
| 041 | _aEnglish | ||
| 082 | _a345.74705/ M6649c/ 1993 | ||
| 100 |
_aMinistry of Low _94786 |
||
| 245 |
_aThe Code of Criminal Procedure/ _cMinistry of Low |
||
| 260 |
_aDhaka _bGovernment Press _cc1993 |
||
| 300 |
_a367p. : _bill. ; 21 cm |
||
| 526 | _aLaw | ||
| 650 | _aLaw | ||
| 700 |
_aMinistry of Low _94786 |
||
| 856 |
_k0 _l0 _yDownload |
||
| 942 |
_2ddc _cBK |
||
| 999 |
_c1968 _d1968 |
||